01082naa a2200217 i 4500001000400000003000400004005001700008008003900025040002100064080001100085080000800096100014400104245018100248500004200429650001500471650001600486655003000502650001200532711007500544773024500619BPPBPK20190717124549.0150311s2004 pl f |100 0 pol cBPKdKOSZ 005/AR a004.94 a534 aKRZYŻYŃSKI, Tomasz.d1997 - .bPolitechnika Koszalińska - Wydział Mechaniczny,cKatedra Mechaniki Precyzyjnej - Zakład Mechatroniki aModelowanie i symulacja pasywnych gałęzi impedancyjnych w układach tłumienia drgań z zastosowaniem elementów piezoelektrycznych /cT. Krzyżyński, R. Oleśkiewicz. aDane z bibliografii załącznikowej. 0aSymulacja. 0aImpedancja. 0aMateriały konferencyjne. 0aDrgania22aWarsztaty Naukowe PTSKn(11 ;d2004 ;cBiałystok / Agustów, Polska) iW :t XI Warsztaty Naukowe PTSK "Symulacja w Badaniach i Rozwoju" : zbiór referatów, Białystok-Augustów, 1-4 września 2004. -dWarszawa : [Białystok : Politechnika Białostocka. Dział Wydawnictw i Poligrafii], 2005. -z838822980X